Регионална библиотека "Любен Каравелов" - Русе

Липса на болка (Запис номер 457)

MARC детайли
000 -Лидер
Контролно поле с фиксирана дължина 01283nam a2200349 a 4500
003 - Код на организацията, давaща контролен номер
Контролно поле BLK
005 - Дата и час на последна редакция
Контролно поле 20230531152945.0
008 - Елементи от данни с фиксирана дължина
fixed length control field 180412b bul|||||r ||||||| ||bul||
010 ## - Наследен системен номер
LC control number KNG00000737000
020 ## - Международен стандартен номер на книга ISBN
Международен стандартен номер на книга ISBN 954-404-045-5
040 ## - Източник на каталожния запис
Идентификатор на билиотеката - собственик на записа BLK
041 ## - Код за език
Код за езика на текст/звукозапис или на отделно заглавие Български
Код за езика КДБФ Български
080 ## - УДК
Текстов определител УДК Американска литература (на САЩ)
УДК код - определител по УДК 821.111(73)
УДК определител -31
УДК - код + определител 821.111(73)-31
100 1# - Редна дума - Автор
Автор Виктор, Барбара
Авторска отговорност първи автор
R(LIN) 242444
139 ## - Редно поле
Редна дума Виктор, Барбара
Авторски знак Виз - В 58
245 10 - Сведения за заглавието
Заглавие Липса на болка
Подзаглавни данни Роман
Редно поле (дума) Барбара Виктор; прев. от англ. Красимира Матева.
257 ## - Страна на издаване
Страна на създаване/издаване Съединени американски щати
260 ## - Област на издателските данни
Място на издаване, разпространение и проч. София
Име на издателя, разпространителя и проч. Ведрина
Година на издаване 1993
Печатница Враца : Полипринт
300 ## - Физическа характеристика
Страници 368 с.
Размери/Мащаб 20 см
380 ## - Жанр
Жанр Худож. лит.
500 ## - Общи забележки
Забележка Ориг. загл. Absence of Pain / Barbara Victor. - 8 000 тир.
653 ## - Ключова дума – ненормативна
Ключова дума романи
700 1# - Други автори (авторска отговорност)
Лично име Матева, Красимира
Автороска отговорност (Описва отношението между автора и произведението) прев. от англ.
9 (RLIN) 242445
852 ## - Местоположение
Форматна сигнатура Цб 176085
Фондова буква Хранилище
856 4# - Електронен адрес и достъп
Електронен формат pdf - файл
Път до файла /url/
856 4# - Електронен адрес и достъп
Електронен формат pdf - файл
Път до файла /url/
942 ## - АРТИКУЛИ
Вид на библиотечния материал Книги
Скрит в OPAC Не
Koha issues (borrowed), all copies 5
Периодичен библиозапис Да
944 ## - СЪЗДАВАНЕ И РЕДАКЦИЯ на ЗАПИСА
Създаване/Редакция Създаване
Дата на регистрацията/редакция 15.01.2003
Статус, дата на статуса ф /
Служител, извършил регистрацията/редакцията Цветанка_Енчева
944 ## - СЪЗДАВАНЕ И РЕДАКЦИЯ на ЗАПИСА
Създаване/Редакция Редакция
Дата на регистрацията/редакция 16.02.2016
Статус, дата на статуса ф /
Служител, извършил регистрацията/редакцията Людмила_Стоянова
999 ## - СИСТЕМНИ КОНТРОЛНИ НОМЕРА
Koha biblionumber 457
Koha biblioitemnumber 457
999 ## - СИСТЕМНИ КОНТРОЛНИ НОМЕРА
Koha biblioitemnumber 457
999 ## - СИСТЕМНИ КОНТРОЛНИ НОМЕРА
Koha biblioitemnumber 457
Наличности
Код за отписване Код за изгубен артикул Източник на класификационната схема Код за повреда Коз за рестрикции Код за отдаване Артикулен № Име на библиотеката - собственик Име на библиотеката, в която се намира в момента Статус (Текущо местоположение) Дата на вписване в системата Местоположение - отдел Цена в лева Инвентарен номер Систематично азбучна сигнатура Баркод Номер на екземпляра Цена в евро Служебна бележка Служебен тип на артикула
  Не е изгубен Universal Decimal Classification Не е повреден без рестрикции ползва се в читалня 893 Регионална библиотека "Любен Каравелов" Русе Регионална библиотека "Любен Каравелов" Русе Хранилище 2001-01-01 Хранилище 0.90 599863 Цб 176085 120000599863 1 0.46 Дост: Dp Вид: Д N: стар фонд Дата: 01.01.2001 Книги
Изтеглен Не е изгубен Universal Decimal Classification Не е повреден без рестрикции заемане за дома 894 Регионална библиотека "Любен Каравелов" Русе Регионална библиотека "Любен Каравелов" Русе Заемна - подръчен фонд 2015-12-28 Заемна - подръчен фонд 9.00 120000796364 П 820(73)-31/В 58 120000796364 2 4.60 Дост: DA Вид: А N: 27 Дата: 28.12.2015 Дата инв: 15.02.2018 Бележки инв: П2018 Книги
Vip Innovations Ltd, Rousse, Bulgaria 2025